[Event "FICGS class C 000080 email"]
[Site "FICGS email"]
[Date "2008.05.09"]
[Round "1"]
[White "Alic, Muamer"]
[Black "Block, Benjamin"]
[Result "0-1"]
[WhiteElo "1800"]
[BlackElo "1711"]
[PlyCount "34"]
[EventDate "2008.??.??"]
[EventType "tourn (corr)"]
[EventRounds "4"]
[SourceTitle "Corr 2022"]
[Source "ChessBase"]
[SourceDate "2021.10.24"]
[SourceVersion "1"]
[SourceVersionDate "2021.10.24"]
[SourceQuality "1"]

1. e4 e5 2. Nf3 Nc6 3. Bb5 a6 4. Ba4 Nf6 5. 0-0 Be7 6. Re1 b5 7. Bb3 0-0 8. c3 d6 9. h3 Nb8 10. d4 Nbd7 11. Bg5 Bb7 12. Nbd2 h6 13. Bh4 Re8 14. Nf1 Nxe4 15. Bxe7 Qxe7 16. dxe5 dxe5 17. Qd3 Ndc5 0-1

[Event "FICGS class D 000087 email"]
[Site "FICGS email"]
[Date "2008.05.06"]
[Round "1"]
[White "Alic, Muamer"]
[Black "Malbasic, Ljubisa"]
[Result "0-1"]
[WhiteElo "1800"]
[BlackElo "1539"]
[PlyCount "40"]
[EventDate "2008.??.??"]
[EventType "tourn (corr)"]
[EventRounds "6"]
[SourceTitle "Corr 2022"]
[Source "ChessBase"]
[SourceDate "2021.10.24"]
[SourceVersion "1"]
[SourceVersionDate "2021.10.24"]
[SourceQuality "1"]

1. e4 c5 2. Nf3 d6 3. d4 cxd4 4. Nxd4 Nf6 5. Nc3 e6 6. Bc4 Be7 7. Be3 0-0 8. f3 a6 9. Qd2 b5 10. Bb3 Bb7 11. 0-0-0 Nbd7 12. g4 Qc7 13. Ndxb5 axb5 14. Nxb5 Qb8 15. Nxd6 Ne5 16. Bf4 Nxf3 17. Qf2 e5 18. Qxf3 exf4 19. Qxf4 Bxd6 20. Qg5 Bf4+ 0-1